Professional crime in India (Record no. 352353)

000 -LEADER
fixed length control field 00346cam a22001217a 4500
008 - FIXED-LENGTH DATA ELEMENTS--GENERAL INFORMATION
fixed length control field 180718b1983 xxu||||| |||| 00| 0 eng d
082 ## - DEWEY DECIMAL CLASSIFICATION NUMBER
Classification number Q8x5451 R18
100 ## - MAIN ENTRY--PERSONAL NAME
Personal name Rao, P. Kamalakara
245 ## - TITLE STATEMENT
Title Professional crime in India
Statement of responsibility, etc. by P. Kamalakara Rao
260 ## - PUBLICATION, DISTRIBUTION, ETC.
Place of publication, distribution, etc. New Delhi
Name of publisher, distributor, etc. Cosmo
Date of publication, distribution, etc. 1983
300 ## - PHYSICAL DESCRIPTION
Extent 231p.
650 ## - SUBJECT ADDED ENTRY--TOPICAL TERM
Topical term or geographic name entry element Crime - Andhra Pradesh - India
Holdings
Withdrawn status Lost status Damaged status Not for loan Permanent Location Current Location Date acquired Full call number Barcode Date last seen Price effective from Koha item type
        Indian Institute of Public Administration Indian Institute of Public Administration 1993-11-22 Q8x5451 R18 59314 2018-07-21 2018-07-21 Book

Powered by Koha